000 00746nam a22002297a 4500
008 240525b mp ||||| |||| 00| 0 mon d
020 _a99929-0-343-0
035 _a57
040 _aСэлэнгэ аймгийн нийтийн номын сан
_bmon
_cMN-UlNLM
_dMN-UlNLM
_erda
041 _amon
042 _a149
084 _2НСНЗА
_a72/3/
_bк-795
100 _aКремнев Б.
245 0 _aВольфганг Амадей Моцарт
264 _aУлаанбаатар
_bАдмон ХХК
_c2004
300 _a251
336 _2rdacontent
_atext
_btxt
337 _2rdamedia
_aunmediated
_bn
338 _2rdacarrier
_avolume
_bnc
650 _aМоцарт Вольфганг Амадей Моцарт
942 _2NNA
_cBK
999 _c700094
_d700151